000 00330nam a2200145Ia 4500
008 150201s2011 xx 000 0 und d
082 _a603
_bJ11P
100 _aPANDA , U.N.
245 _aJAYPEE'S NURSES DICTONARY
250 _a3RD
260 _bJAYPEE
_aDELHI
_c2011
300 _a766
650 _aDICTIONARY
942 _2ddc
_cBK
999 _c2122
_d2122